Statistics for Ghana Country Quiz

Click here to take the quiz!

General Stats

  • This quiz has been taken 20,212 times
    (20,152 since last reset)
  • The average score is 10 of 15

Answer Stats

HintAnswer% Correct
Countries that border GhanaIvory Coast
93%
Countries that border GhanaTogo
92%
Official languageEnglish
90%
Countries that border GhanaBurkina Faso
88%
Capital of GhanaAccra
87%
Six European nations colonized Ghana.
Which was the first, in 1481?
Portugal
87%
Colonial name of Ghana{Gold} Coast
84%
Ocean gulf on which Ghana liesGulf of {Guinea}
77%
Major line of longitude on
which Ghana lies
Prime Meridian
66%
... and the second-leading producer
of this highly-desired bean
Cocoa
60%
Ghanaian diplomat who led the
UN from 1997-2006
Kofi Annan
48%
Ghana is the second-leading producer
of this edible tuber
Yam
48%
African-American intellectual who
emigrated to Ghana
W.E.B.
{Du} {Bois}
40%
"Shocking" river that flows through
the country
Volta River
34%
Ethnic group to which 47.5%
of the population belongs
Akan
18%

Score Distribution

Percentile by Number Answered

Percent of People with Each Score

Your Score History

You have not taken this quiz since the last reset